000 00789nam a22002297a 4500
003 UA-OsUOA
001 51572
007 ta
008 20140915b un ||||| |||| 00| 0 ukr d
090 _a061
_bВ55
942 _cBK
040 _aUA-OsUOA
_bukr
_cUA-OsUOA
_dUA-OsUOA
245 _aВід з'їзду до з'їзду
_bДокументи Української республіканської партії (травень 1993 - серпень 1994 р.р.)
300 _a96 с.
955 _a4
041 _aukr
080 _a061
260 _aК.
_bРеспубліканська партія
_c1994
650 7 _a0 Загальний відділ.
_2UDC
999 _c431697
_d431697